| 000 | 00652nam a22002057a 4500 | ||
|---|---|---|---|
| 010 | _aENG-143082 | ||
| 020 |
_a9788196913144 _c450.00 |
||
| 035 | _aEN-126614 | ||
| 037 | _bDBAD | ||
| 082 | _a006.312 | ||
| 100 |
_aRamya, P. _975173 |
||
| 245 |
_aBIG DATA ANALYTICS: _bBIG DATA ANALYTICS/ _cby P. Ramya...[et.al] |
||
| 260 |
_aTamil Nadu _bShanlax publications _c2024 |
||
| 270 |
_a61, 66 T.P.K. Main Road, Vasantha Nagar, _bMadurai, Tamil Nadu _e625003 |
||
| 300 |
_a174p. _c25cm(pb) |
||
| 700 |
_aBabu, S. Venkatesh _975174 |
||
| 700 |
_aR, Charanya _975175 |
||
| 700 |
_aK, Mohan _975176 |
||
| 942 |
_2ddc _cEN _h006.312 _mRAM |
||
| 999 |
_c207704 _d207704 |
||